|
|
|
|
| LEADER |
00000nam0a2200000 4500 |
| 001 |
155618 |
| 005 |
20231101221841.0 |
| 035 |
|
|
|a (RuTPU)RU\TPU\book\168797
|
| 090 |
|
|
|a 155618
|
| 100 |
|
|
|a 20090317d2007 k y0rusy50 ca
|
| 101 |
0 |
|
|a rus
|
| 102 |
|
|
|a RU
|
| 105 |
|
|
|a a z 101zy
|
| 200 |
1 |
|
|a Знания, умения, навыки - путь к созданию новых инженерных решений
|e материалы научн.-практ. конф. студентов, аспирантов и молодых ученых, посвященной 100-летию со дня рождения Никитина Н. В., выдающегося российского инженера и ученого в области строительных конструкций, 14 декабря 2007 г.
|f ТПУ
|
| 210 |
|
|
|a Томск
|c Изд-во ТПУ
|d 2007
|
| 215 |
|
|
|a 160 с.
|c ил.
|
| 320 |
|
|
|a Библиография в конце статей
|
| 330 |
|
|
|a Сборник содержит материалы университетской научно-практической конференции студентов, аспирантов и молодых ученых «Знания, умения, навыки - путь к созданию новых инженерных решений», посвященной 100-летию со дня рождения Никитина Николая Васильевича, выдающегося российского инженера и ученого в области строительных конструкций, направленной на поддержку инициатив творческой молодежи в реализации смелых, творческих идей в области техники и технологических инноваций. Доклады молодых авторов представлены как оригинальные проекты и перспективные разработки, имеющие научное и прикладное значение для развития техники и технологий. В качестве приложения опубликованы материалы о жизни и творчестве Никитина Николая Васильевича, подготовленные директором музейного комплекса ТПУ Галановой Раисой Александровной.
|
| 600 |
|
1 |
|a Никитин
|b Н. В.
|c русский ученый-строитель
|c Выпускник Томского технологического института
|f 1907-1973
|g Николай Васильевич
|2 stltpush
|3 (RuTPU)RU\TPU\pers\21281
|
| 606 |
1 |
|
|a Техническое творчество
|2 stltpush
|3 (RuTPU)RU\TPU\subj\60138
|9 77627
|
| 606 |
1 |
|
|a Научно-исследовательская работа
|2 stltpush
|3 (RuTPU)RU\TPU\subj\45139
|
| 610 |
1 |
|
|a техника
|
| 610 |
1 |
|
|a инженерное дело
|
| 610 |
1 |
|
|a программные пакеты
|
| 610 |
1 |
|
|a железобетонные балки
|
| 610 |
1 |
|
|a одночервячные машины
|
| 610 |
1 |
|
|a нефть
|
| 610 |
1 |
|
|a промысловая подготовка
|
| 610 |
1 |
|
|a дуговая сварка
|
| 610 |
1 |
|
|a сварка плавлением
|
| 610 |
1 |
|
|a биологически активные вещества
|
| 610 |
1 |
|
|a Томск
|
| 610 |
1 |
|
|a лессовые грунты
|
| 610 |
1 |
|
|a экологическая обстановка
|
| 610 |
1 |
|
|a трубопроводы
|
| 610 |
1 |
|
|a композиционные покрытия
|
| 610 |
1 |
|
|a конференции
|
| 610 |
1 |
|
|a труды учёных ТПУ
|
| 675 |
|
|
|a 62:001.894(063)
|v 3
|
| 686 |
|
|
|a Ч215
|2 rubbk
|
| 712 |
0 |
2 |
|a Томский политехнический университет (ТПУ)
|c (1991- )
|2 stltpush
|3 (RuTPU)RU\TPU\col\376
|
| 712 |
1 |
2 |
|a Знания, умения, навыки - путь к созданию новых инженерных решений
|b конференция
|e Томск
|f 2007
|
| 801 |
|
1 |
|a RU
|b 63413507
|c 20090317
|g PSBO
|
| 801 |
|
2 |
|a RU
|b 63413507
|c 20220805
|g PSBO
|
| 942 |
|
|
|c BK
|